MARC details
| 000 -CABECERA |
| campo de control de longitud fija |
01935nam a2200289 a 4500 |
| 001 - NÚMERO DE CONTROL |
| campo de control |
000004206 |
| 005 - FECHA Y HORA DE LA ÚLTIMA TRANSACCIÓN |
| campo de control |
20200929151419.0 |
| 008 - DATOS DE LONGITUD FIJA--INFORMACIÓN GENERAL |
| campo de control de longitud fija |
090720s2007 dr ab 000 0 spa d |
| 020 ## - NÚMERO INTERNACIONAL ESTÁNDAR DEL LIBRO |
| Número Internacional Estándar del Libro |
9789945860412 |
| 040 ## - FUENTE DE LA CATALOGACIÓN |
| Centro catalogador/agencia de origen |
DO-SdBNP |
| Lengua de catalogación |
spa |
| Centro/agencia transcriptor |
BNPHU |
| 082 ## - NÚMERO DE LA CLASIFICACIÓN DECIMAL DEWEY |
| Número de clasificación |
307.7609729 |
| Número de documento/Ítem |
C581f |
| 245 00 - MENCIÓN DE TÍTULO |
| Título |
Ciudades fragmentadas : |
| Resto del título |
las fronteras internas en el Caribe / |
| Mención de responsabilidad, etc. |
coordinadores Haroldo Dilla Alfonso, Maribel Villalona Núñez. |
| 260 ## - PUBLICACIÓN, DISTRIBUCIÓN, ETC. |
| Lugar de publicación, distribución, etc. |
Santo Domingo : |
| Nombre del editor, distribuidor, etc. |
Ciudades y fronteras, |
| Fecha de publicación, distribución, etc. |
2007. |
| 300 ## - DESCRIPCIÓN FÍSICA |
| Extensión |
239 p. : |
| Otras características físicas |
il. ; |
| Dimensiones |
24 cm. |
| 490 1# - MENCIÓN DE SERIE |
| Mención de serie |
Frontera en transición. |
| 500 ## - NOTA GENERAL |
| Nota general |
Incluye referencias bibliográficas y notas al pie de las páginas. |
| 500 ## - NOTA GENERAL |
| Nota general |
Incluye bibliografía al final de los capítulos. |
| 505 2# - NOTA DE CONTENIDO CON FORMATO |
| Nota de contenido con formato |
Introducción / Haroldo Dilla Alfonso -- San Juan : Fronteras elusivas enunciación el urbanismo en la zona metropolitana / Jorge L. Lizardi Pollock -- Santo Domingo : El estado manifiesto de sus mundos paralelos / Maribel Villalona Núñez -- Santiago de los Caballeros : Espacio público -espacio privado / Julio César Corral -- Puerto Príncipe : Nuevas fronteras urbanas / Dominique Mathon -- La Habana : Apuntes para un estudio socioespacial / René A. González Rego -- Cuba : La reestructuración espacial / Haroldo Dilla Alfonso -- Cuba : Desarrollo industrial e impacto territorial / Hiram Marquetti Nodarse -- Fronteras y ciudad : Un comentario / Andrea C. Catenazzi -- Fronteras internas : Comparación, conceptualización, intervención / Carlos García Pleyán -- Autores. |
| 590 ## - NOTA LOCAL (RLIN) |
| Nota local |
La biblioteca posee 3 ejemplares autografiados por el autor |
| 590 ## - NOTA LOCAL (RLIN) |
| Nota local |
Inventariado,2018/DG |
| 650 #4 - PUNTO DE ACCESO ADICIONAL DE MATERIA--TÉRMINO DE MATERIA |
| Término de materia o nombre geográfico como elemento de entrada |
Ciudades y pueblos |
| Subdivisión geográfica |
Caribe (Región{Rpara} |
| 9 (RLIN) |
12413 |
| 650 #4 - PUNTO DE ACCESO ADICIONAL DE MATERIA--TÉRMINO DE MATERIA |
| Término de materia o nombre geográfico como elemento de entrada |
Urbanización |
| Subdivisión geográfica |
Caribe (Región{Rpara} |
| 9 (RLIN) |
12414 |
| 700 1# - PUNTO DE ACCESO ADICIONAL--NOMBRE DE PERSONA |
| Nombre de persona |
Dilla Alfonso, Haroldo |
| 9 (RLIN) |
5199 |
| 700 1# - PUNTO DE ACCESO ADICIONAL--NOMBRE DE PERSONA |
| Nombre de persona |
Villalona Núñez, Maribel |
| 9 (RLIN) |
12415 |
| 830 #0 - PUNTO DE ACCESO ADICIONAL DE SERIE-TÍTULO UNIFORME |
| Título uniforme |
Frontera en transición. |
| 9 (RLIN) |
12416 |
| 910 ## - DATOS DE OPCIÓN DEL USUARIO (OCLC) |
| Datos de opción del usuario |
Validado. Control de calidad MMOLINA |